| 000 | 01018nam a22001817a 4500 | ||
|---|---|---|---|
| 003 | OSt | ||
| 005 | 20251114100354.0 | ||
| 008 | 251114b |||||||| |||| 00| 0 eng d | ||
| 040 | _cDCL | ||
| 082 | _a၂၉၄.၃၈၂၃၅၁၁ | ||
| 130 |
_aတိပိဋက။ _pသုတ္တန္တပိဋက။ _pခုဒ္ဒကနိကာယ။ _tဓမ္မပဒ ၊ _lပါဠိတော်၊ _sနိဿယ။ |
||
| 245 |
_aဓမ္မပဒ ပါဠိတော်နိဿယ / _cသင်္ဂဇာဆရာတော်ဘုရားကြီး။ |
||
| 264 |
_aရန်ကုန် ၊ _bဣစ္ဆာသယ ပိဋကတ်စာအုပ်တိုက်၊ _c၁၉၉၁။ |
||
| 300 |
_aထ၊ ၂၉၅ စာမျက်နှာ ၊ _c၂၅ စင်တီ။ |
||
| 650 |
_aဓမ္မပဒ _vပါဠိတော် နိဿယ။ |
||
| 700 | _aသင်္ဂဇာဆရာတော်ဘုရားကြီး။ | ||
| 942 |
_2ddc _cSHORT TERM _n0 |
||
| 999 |
_c2469 _d2469 |
||